De qué color es el viento?

Đã lưu trong:
Chi tiết về thư mục
Tác giả chính: Sánchez Córdoba, José León 1930-
Định dạng: Không biết
Ngôn ngữ:Spanish
Được phát hành: San José, Costa Rica 1975
Những chủ đề:
Các nhãn: Thêm thẻ
Không có thẻ, Là người đầu tiên thẻ bản ghi này!

MARC

LEADER 000000000a22000000004500
001 000216
008 140522s1975 cr ||||| |||| 000 0 spa d
041 0 |a español 
082 |a CR868.4 S212d 
100 1 |a Sánchez Córdoba, José León  |d 1930- 
245 1 0 |a De qué color es el viento?  |c José León Sánchez 
260 |a San José, Costa Rica  |c 1975 
300 |a 358 hojas  
500 |a Número de inscripción 00076 -- Material inédito. Ejemplar mecanografiado. 
650 4 |a LITERATURA COSTARRICENSE  |v MISCELANEA 
942 |2 ddc  |c BK 
999 |c 1045  |d 1045